000 00459nam a22001817a 4500
003 OSt
005 20140310181954.0
008 130726t xxu||||| |||| 00| 0 eng d
050 _aPZ 7
_b.T969 1983
082 _aKF Il6t
_b1983
245 _aThe Prince and the pauper
_c Mark Twain
260 _aNew York :
_bWaldman,
_cc1983.
300 _a238 p. ;
_bill. ;
_c14 cm
521 _aFaculty.
541 _j1
562 _e1
942 _2lcc
_cBK-KF
_kKF
999 _c7906
_d7906